000
00288nam a22001337a 4500
008
180213b xxu||||| |||| 00| 0 eng d
020
_a
1555420826
041
_a
eng
080
_a
61
100
_a
3
101
_a
SHM
245
_a
Undending work and care
_c
CorbiN,J.M
942
_2
udc
_c
BK
999
_c
42336
_d
42336